| 000 | 00598nam a22001937a 4500 | ||
|---|---|---|---|
| 005 | 20140506153623.0 | ||
| 010 | _aENG-109706 | ||
| 020 |
_a9789325974180 _c375.00 |
||
| 035 | _aEN-93239 | ||
| 037 | _bDBAD/PUB | ||
| 082 | _a621.3192 | ||
| 100 | _aSalivahanan, S. | ||
| 245 | 0 | 0 |
_aCircuit theory : _bfor undergraduate engineering course / _cby S. Salivahanan [and] S. Pravin Kumar |
| 260 |
_aNoida _bVikas Publising House _c2014 |
||
| 270 |
_aE-28, Sector-8 _bNoida _e201301 |
||
| 300 |
_aviii,583p. _c24cm(pbk) |
||
| 700 | _aPravin Kumar, S. | ||
| 942 |
_2ddc _cEN _mSAL _h621.3192 |
||
| 999 |
_c83481 _d83481 |
||